[Event "Biel MTO op 45th"]
[Site "Biel"]
[Date "2012.08.02"]
[Round "10"]
[White "Postny, Evgeny"]
[Black "Vachier Lagrave, Maxime"]
[Result "1/2-1/2"]
[WhiteElo "2653"]
[BlackElo "2686"]
[Annotator "Postny,E"]
[PlyCount "108"]
[EventDate "2012.07.23"]
[EventType "swiss"]
[EventRounds "11"]
[EventCountry "SUI"]
[SourceTitle "CBM 149 Extra"]
[Source "ChessBase"]
[SourceDate "2012.08.24"]
[SourceVersion "1"]
[SourceVersionDate "2012.08.24"]
[SourceQuality "1"]

1. Nf3 c5 2. c4 Nc6 3. Nc3 Nf6 4. e3 e6 ({The continuation} 4... e5 {has been
heavily disputed at the top level since last year's candidates match
Kramnik-Grischuk. Here is the most recent example:} 5. Be2 d5 6. d4 exd4 7.
exd4 Be6 8. cxd5 Nxd5 9. O-O Be7 10. dxc5 Nxc3 11. bxc3 Qxd1 12. Rxd1 Bxc5 13.
Ng5 O-O 14. Bf4 Rac8 15. Nxe6 fxe6 16. Bg3 $14 {1/2-1/2 Le Quang,L (2693)
-Muzychuk,A (2606)/Amsterdam 2012/CB29_2012 (51)}) 5. d4 d5 6. a3 cxd4 7. exd4
{Defence.} Be7 8. c5 $5 {Not the most common, but a possible way to fight for
an advantage. White releases the pressure in the centre, but secures a space
advantage on the queenside.} (8. Bd3 dxc4 9. Bxc4 O-O 10. O-O {would transpose
to one of the main tabias of Panov Attack in the Caro-Kann.}) 8... Ne4 {
The best reply, establishing the knight in the centre.} 9. Qc2 f5 10. Bb5 {
White should pin and later on eliminate this knight in order to win the battle
over the key e5-square.} Bf6 {Probably inaccurate. More than forty years ago
Fischer introduced a more convincing way for Black to achieve some counterplay.
} (10... O-O $1 11. O-O g5 $1 12. Bxc6 bxc6 13. Ne5 Bf6 14. Nxc6 Qc7 15. Nxe4
fxe4 16. Ne5 Ba6 17. Re1 Bxe5 18. dxe5 Qxe5 $15 {1/2-1/2 Ivkov,B-Fischer,R/
Zagreb 1970/MCD (73)}) 11. Bf4 O-O 12. Bxc6 bxc6 13. O-O Bd7 (13... g5 $6 14.
Be5 g4 15. Bxf6 Rxf6 16. Ne5 $16 {1/2-1/2 Hoelzl,F (2435)-Kharlov,A (2605)/
Vienna 1996/CBM 053 ext (65)}) 14. Be5 Be8 {[%cal Ge8h5]} 15. Bxf6 gxf6 {
Here Maxime offered a draw. I evaluated my position as slightly better for me,
so I decided to play on, even though I didn't feel entirely well and was also
behind on the clock.} 16. Ne1 {I didn't know that we were actually still
following the game of the giants of the past.} Qc7 $1 {Only this move is a new
one!} (16... e5 17. f4 Qe7 18. Nd3 Nxc3 19. Qxc3 exd4 20. Qxd4 Qe4 21. Qc3 Qc4
22. Rac1 Qxc3 23. Rxc3 $14 {1/2-1/2 Tal,M-Stein,L/Amsterdam 1964/IZT (31)}) 17.
f3 (17. Nd3 f4 18. Rae1 Bg6 19. f3 Nxc3 20. Qxc3 Rae8 {The same position arose
in our game.}) (17. Ne2 f4 18. f3 Ng5 19. h4 Nf7 20. Nd3 e5 $132) 17... Nxc3
18. Qxc3 f4 {Black's bishop is coming out. It seems that I was a bit
optimistic about my position, in fact it's equal.} 19. Nd3 Bg6 20. Rae1 Rae8
21. Rf2 Re7 22. Rfe2 Rfe8 23. b4 a5 $1 (23... e5 $6 24. dxe5 Bxd3 25. Qxd3 fxe5
26. a4 {This position is easier to handle as White. Black's centre can't rush
forward, meanwhile his king is more vulnerable.}) 24. Kf2 axb4 25. axb4 Qb8 26.
b5 $5 {After a long period of thought I realised that I would be better to
sacrifice the pawn and simplify to level rook endgame.} (26. Rb2 {wasn't worse,
but more complicated and less practical considering the forthcoming
time-trouble of mine.} e5 ({A repetition is possible:} 26... Rb7 27. Rbe2 Rbe7
$11) 27. b5 exd4 (27... cxb5 28. Rbe2 Bxd3 (28... e4 $2 29. Nb4 $36 {[%csl Gb4,
Rd5]}) 29. Qxd3 Qb7 30. Qf5 Qc6 31. g3 fxg3+ 32. hxg3 $11) 28. Qxd4 Rxe1 29.
Nxe1 Qa8 30. bxc6 Qa1 31. Qd2 Rxe1 32. Rb8+ Kg7 33. Rb7+ Kg8 $11) 26... Bxd3
27. Qxd3 Qxb5 (27... cxb5 $6 28. Rb1 $14 {[%csl Rb5]}) 28. Qxb5 cxb5 29. Rb1
Rb8 30. Ra2 Kf7 31. Ra6 e5 32. Rb6 $6 {I should have played the same idea
after the exchange of pawns.} (32. dxe5 fxe5 (32... Rxe5 33. Rb4 $11) 33. Rb6
Ra8 34. R1xb5 Ra2+ 35. Kf1 e4 36. fxe4 dxe4 37. c6 e3 38. Rb2 Ra1+ 39. Rb1 $11)
32... Ra8 33. R6xb5 exd4 34. Rb7 $6 ({It was necessary to cover the second
rank against the rook check:} 34. R1b2 $1 d3 (34... Ra1 35. c6 Ree1 36. Rxd5 {
is not dangerous for White.}) 35. R5b3 Re3 36. Rb4 $1 Rae8 37. Rxf4 Re2+ 38.
Rxe2 Rxe2+ 39. Kf1 Ke6 40. Rd4 Rd2 41. f4 $11) 34... Ra2+ 35. R7b2 Rxb2+ 36.
Rxb2 d3 $1 37. g3 $6 (37. Rd2 Re3 $1 {I missed this idea while playing 34.Rb7.}
38. g3 d4 39. gxf4 Ke6 $19) ({I had to get rid of the annoying Pd3.} 37. c6 $1
Ke6 38. Rd2 (38. Rb7 $2 Kd6 $19) 38... Rc7 39. Rxd3 Rxc6 40. Rd2 {with good
chances to hold.}) 37... d4 $1 {Suddenly these doubled pawns are very strong.
My main problem is that the king can't cross the e-file to block the pawns.}
38. Rb4 $2 {This loses by force. In time trouble I lost track completely.} (38.
gxf4 Ke6 39. Ke1 Kd5+ 40. Kd1 Re2 $1 $19) (38. c6 Ke6 39. Rd2 Rc7 40. Rxd3 Kd5
41. gxf4 Rxc6 42. Rd2 {This is a worse version of the same endgame that I
could get also on the previous move. Still, I had to go for this.}) 38... Re2+
39. Kf1 Rxh2 40. Rxd4 fxg3 $6 (40... d2 $1 {was a straightforward way for a
win, moving into a pawn ending. For Maxime would be no problem to calculate
this well, but he took on g3 too quickly.} 41. gxf4 (41. c6 Rh1+ 42. Ke2 d1=Q+
43. Rxd1 Rxd1 44. Kxd1 Ke6 45. g4 Kd6 46. Kd2 Kxc6 47. Kc2 Kd5 48. Kd3 Ke5 49.
Kc4 h6 50. Kd3 f5 51. gxf5 Kxf5 $19) 41... Rh1+ 42. Ke2 d1=Q+ 43. Rxd1 Rxd1 44.
Kxd1 Ke6 45. Ke2 Kd5 46. Ke3 f5 47. Kf2 Kxc5 48. Kg3 Kd4 49. Kh4 h6 $1 50. Kh5
Ke3 51. Kxh6 Kxf3 52. Kg5 Ke4 $19) 41. Rxd3 h5 42. Rd4 $1 {I seriously
considered resigning at this point, but then I spotted the last chance and it
worked!} h4 $2 {This natural move spoils the win!} (42... Ke6 $1 43. Kg1 (43.
c6 Rc2 44. Rh4 Kf5 45. Rxh5+ Kf4 $19) 43... Rc2 44. Rh4 Kf5 $1 (44... Rxc5 $2
45. Kg2 Rg5 46. f4 $11) 45. Rxh5+ Kf4 46. Rd5 f5 $19) 43. Kg1 h3 (43... Ke6 44.
c6 h3 45. Rh4 Kd6 {is the same as in the game.}) 44. Rh4 Ke6 45. c6 Kd6 {
[%tqu "En","Can White still save the game?","","","f3f4","Preparing the pawn
for the stalemate.",5]} 46. f4 $1 {[%mdl 4096] Preparing the pawn for the
stalemate.} Kxc6 47. f5 Kd5 48. Rg4 Rg2+ 49. Kh1 Rf2 (49... Ke5 50. Re4+ $1 {
is the point of the whole idea. Black's king has no shelter to escape from the
so called "kamikaze rook"!} Kxf5 51. Rf4+ Ke6 (51... Ke5 52. Re4+ $11) 52.
Rxf6+ $11) 50. Rxg3 Rxf5 51. Rxh3 {Now it's easy draw.} Rg5 52. Ra3 f5 53. Ra5+
Kd4 54. Kh2 Ke3 1/2-1/2

[Event "Dos Hermanas 10th"]
[Site "Dos Hermanas"]
[Date "1999.04.16"]
[Round "8"]
[White "Polgar, Judit"]
[Black "Karpov, Anatoly"]
[Result "1/2-1/2"]
[WhiteElo "2677"]
[BlackElo "2710"]
[Annotator "Mueller,Karsten"]
[PlyCount "57"]
[EventDate "1999.04.06"]
[EventType "tourn"]
[EventRounds "9"]
[EventCountry "ESP"]
[EventCategory "19"]
[SourceTitle "CBM 071"]
[Source "ChessBase"]
[SourceDate "1999.08.01"]
[SourceVersion "1"]
[SourceVersionDate "1999.08.01"]
[SourceQuality "1"]

1. e4 c6 2. d4 d5 3. exd5 cxd5 4. c4 Nf6 5. Nc3 e6 6. Nf3 Bb4 7. cxd5 Nxd5 8.
Bd2 Nc6 9. Bd3 Nf6 10. O-O O-O 11. Bg5 h6 (11... Be7 {ist die Hauptvariante.})
12. Be3 (12. Bxf6 Qxf6 (12... gxf6 $6 {sieht sehr bedenklich aus, z.B.} 13. d5
(13. Qd2 Kg7 14. Qf4 $14) 13... Bxc3 (13... exd5 14. Nxd5 Be6 15. Nxb4 Nxb4 16.
Nd4 $36) 14. dxc6 Ba5 15. Rc1 $36) 13. Be4 {kam auch in Betracht.}) 12... Bd6
13. Rc1 e5 $5 {Karpov ändert den Stellungstyp fundamental und erreicht damit
nach den folgenden hochtaktischen Verwicklungen Ausgleich.} 14. h3 (14. dxe5
Nxe5 15. Nxe5 Bxe5 16. h3 Be6 $11) 14... Be6 (14... exd4 15. Nxd4 Bd7 {war
auch spielbar, wenngleich die weißen Figuren etwas besser postiert sind.}) 15.
Qd2 $5 Qa5 16. Bxh6 (16. d5 Nxd5 (16... Bxd5 $2 17. Bxh6 gxh6 18. Qxh6 Be7 19.
Ng5 e4 20. Ncxe4 Bxe4 21. Nxe4 Nxe4 22. Bxe4 f5 23. Qg6+ Kh8 24. Rc3 $18) 17.
Bxh6 Rfd8 $132) (16. Ne4 Nxe4 17. Qxa5 Nxa5 18. dxe5 Nxf2 19. Rxf2 Be7 {
bringt Weiß nichts Besonderes.}) 16... exd4 $1 {[%mdl 256] kaltblütige
Verteidigung durch Gegenangriff.} ({Die Annahme des Opfers mit} 16... gxh6 $2 {
hätte hingegen zum Verlust geführt:} 17. Qxh6 exd4 18. Nb5 Be7 $6 19. Rc5 Bxc5
$6 20. Qg5+ Kh8 21. Qxf6+ Kg8 22. Qg5+ Kh8 23. Qh6+ Kg8 24. Qh7#) 17. Nb5 (17.
Bxg7 $2 {schlägt nicht durch:} Kxg7 18. Bb5 Be7 19. Qg5+ Kh8 20. Qh6+ Nh7 21.
Bxc6 bxc6 $17) 17... Qxd2 18. Bxd2 Bb8 (18... Rfd8 19. Nxd6 Rxd6 20. a3 $14)
19. Nbxd4 Nxd4 20. Nxd4 Bxa2 $5 $11 {[%mdl 64]} 21. Rfe1 (21. Bg5 Rd8 22. Bxf6
$6 gxf6 23. Be4 Bf4 $1 $15) 21... Rd8 22. Bg5 {[%tqu "De","Welchen Zug hatte
Karpow nun geplant ?","Weiß steht nach wie vor aktiver, doch es gibt eine
taktische Lösung des Stellungsproblems, insbesondere des Problems der
schwachen Grundreihe...","Es ist ein Läuferzug.","b8f4","Danach entsteht eine
total ausgeglichene Stellung. Andernfalls würde Weiß leichten Vorteil erhalten.
",5,"d8d4","",-10,"b8e5","",1,"b8d6","",1]} Bf4 $1 (22... Rxd4 $4 23. Rc8+ Rd8
24. Rxd8+ Ne8 25. Rdxe8#) (22... Be5 $6 23. Rxe5 Rxd4 24. Bf5 $14) (22... Bd6
$6 23. Bf5 $14) 23. Bxf4 (23. Bxf6 $2 gxf6 24. Rcd1 Rxd4 25. Bh7+ Kxh7 26. Rxd4
Be5 $17) 23... Rxd4 {[%tqu "De","Welchen Zug machen Sie nun ? (Eine schnelle
Entscheidung ist gefragt.)","Da beide weißen Läufer hängen, liegt ein
Gegenangriff nahe...","Es ist ein Läuferzug.","d3b1","Dies ist die einzige
Möglichkeit, Materialverlust abzuwenden.",4]} 24. Bb1 $1 Bxb1 25. Be5 Rd7 26.
Bxf6 Bd3 27. Bc3 f6 28. Re3 Kf7 29. g4 1/2-1/2

[Event "Madrid Magistral 7th"]
[Site "Madrid"]
[Date "1998.05.16"]
[Round "6"]
[White "Adams, Michael"]
[Black "Granda Zuniga, Julio E"]
[Result "1-0"]
[WhiteElo "2670"]
[BlackElo "2630"]
[Annotator "Mueller,Karsten"]
[PlyCount "47"]
[EventDate "1998.05.11"]
[EventType "tourn"]
[EventRounds "9"]
[EventCountry "ESP"]
[EventCategory "17"]
[SourceTitle "CBM 065"]
[Source "ChessBase"]
[SourceDate "1998.08.06"]
[SourceVersion "1"]
[SourceVersionDate "1998.08.06"]
[SourceQuality "1"]

1. e4 {Ftacnik} c6 2. d4 d5 3. exd5 cxd5 4. c4 Nf6 5. Nc3 g6 6. Qb3 Bg7 7. cxd5
O-O 8. Nge2 Na6 9. g3 b5 $5 {'N!?' Ftacnik. Ftacnik: The difference in the
level of piece development is simply striking. Black king is already safe and
dry, but white needs at least two moves to catch up. Granda Zuniga decides to
challenge white with a sacrifice of a second pawn.} (9... Qb6 {ist an dieser
Stelle die Hauptvariante.}) (9... b6 10. Bg2 Bb7 11. O-O Qd7 12. Re1 Rfe8 13.
a4 Nc7 14. Nf4 Rad8 $11 {0-1 Linnemann,R-Kasnitz,M/BL2-W 1989/BL2 (21)}) (9...
Nc7 $6 10. Bg2 Rb8 11. Bf4 $14 {1/2-1/2 Jansa,V-Csom,I/Budapest 1970/MCD-r7 
(23)}) 10. Nxb5 Nxd5 11. Bg2 Be6 12. Qd1 Qa5+ 13. Nbc3 (13. Nec3 $2 Rab8 $17)
13... Nxc3 14. bxc3 Rad8 (14... Rab8 $5 15. O-O Bc4 $44) 15. O-O Bc4 {Ftacnik:
The result of the opening is acceptable for both sides. Adams managed to get
his king away from the trouble, Granda can claim some compensation for the
pawn.} 16. Bd2 e5 17. Re1 Bxe2 $6 {gibt Weiß das Läuferpaar in offener
Stellung, was besonders angesichts der problematischen Lage des Springers a6
sehr gefährlich ist.} (17... Rfe8 $5) 18. Qxe2 exd4 19. cxd4 Qa4 20. Rac1 {
Ftacnik: White is not able to keep the spare pawn, but he enjoys the advantage
of the bishop's pair. Black knight on a6 makes a bit worrying impression.} Bxd4
(20... Rfe8 21. Be3 Nb4 22. Qc4 $16) 21. Bf1 Nc5 (21... Qxa2 22. Bg5 Qxe2 23.
Bxe2 Nc5 24. Bxd8 Rxd8 $14 {/+/-}) 22. Rc4 Rfe8 $4 {'?' Ftacnik. Ftacnik:
Untypical tactical mistake, black hopes to solve the problems of his hanging
pieces. Unfortunatelly for him the idea can be refuted with a style.} (22...
Qxa2 $1 23. Bh6 Qxe2 24. Rxe2 Ne6 25. Bxf8 Kxf8 {und es ist nicht klar, ob der
weiße Vorteil zum Sieg reicht.} (25... Kxf8 $14 {Ftacnik})) (22... Qd7 $2 23.
Rd1 Qf5 24. Bh6 Qxf2+ (24... Rfe8 25. Rcxd4 $18) 25. Qxf2 Bxf2+ 26. Kxf2 Rxd1
27. Bxf8 $16) (22... Qc6 $2 23. Bb4 (23. Bh6 {Ftacnik} Rde8 (23... Rfe8 $2 24.
Rxd4 $1 $18) 24. Qd2 Rxe1 25. Qxe1 Rd8 $14) (23. Bg5 f6 (23... Rde8 24. Be7 Qd7
25. Qd2 Rxe7 26. Rxd4 Qc7 $14) 24. Bh6 Rde8 25. Qd2 Rxe1 26. Qxe1 $14) 23...
Rde8 (23... Rfe8 $2 24. Rxd4 $18) 24. Qd2 Rxe1 25. Qxe1 Qd5 26. Qd2 Rd8 27.
Rxd4 $16) {[%tqu "De","Weiß zieht und gewinnt","","","e2e8","",4]} 23. Qxe8+ $1
Rxe8 24. Rxa4 (24. Rxa4 Rxe1 25. Rxd4 $18) 1-0

[Event "WchT 4th"]
[Site "Luzern"]
[Date "1997.11.01"]
[Round "8.2"]
[White "Onischuk, Alexander"]
[Black "Adams, Michael"]
[Result "1/2-1/2"]
[WhiteElo "2625"]
[BlackElo "2680"]
[Annotator "Mueller,Karsten"]
[PlyCount "69"]
[EventDate "1997.10.25"]
[EventType "team-tourn"]
[EventRounds "9"]
[EventCountry "SUI"]
[SourceTitle "CBM 062"]
[Source "ChessBase"]
[SourceDate "1998.01.31"]
[SourceVersion "1"]
[SourceVersionDate "1998.01.31"]
[SourceQuality "1"]
[WhiteTeam "Ukraine"]
[BlackTeam "England"]
[WhiteTeamCountry "UKR"]
[BlackTeamCountry "ENG"]

1. e4 c6 2. c4 d5 3. exd5 cxd5 4. d4 Nf6 5. Nc3 e6 6. Nf3 Bb4 7. cxd5 Nxd5 8.
Bd2 Nc6 9. Bd3 Be7 10. Nxd5 (10. O-O {ist die Hauptfortsetzung, um mit dem
Isolani zu spielen.}) 10... exd5 11. h3 Bf6 12. O-O O-O (12... Nxd4 $4 13. Nxd4
Bxd4 14. Qa4+ $18) (12... Bxd4 $2 13. Re1+ Kf8 (13... Be6 14. Nxd4 Nxd4 15. Qg4
Nc6 16. Qxg7 $18) 14. Nxd4 Nxd4 15. Qh5 Ne6 16. Rad1 $40) 13. Bc3 Be6 (13...
Qb6 14. Qd2 Re8 15. Rfe1 Bd7 16. Bc2 h6 17. Qd3 g6 $11 {Smyslov,V-Magem Badals,
J/Barcelona 1990/CBM 21/1-0 (52)}) 14. Re1 (14. Qd2 Re8 15. Rfe1 Rc8 16. Re2
Qc7 17. Rae1 Bd7 18. Rxe8+ Rxe8 19. Rxe8+ Bxe8 20. Qe3 Qd8 $11 {1/2-1/2
Nazariev,S-Frolov,Y/Leningrad 1990/EXP 18 (34)}) 14... Qd7 $6 {bis zu diesem
Punkt schien es, als hätte Weiß sehr ambitionslos gespielt. Das ändert sich
nun:} 15. b4 $1 Rfe8 (15... Rac8 16. b5 (16. Rc1 Bf5 17. Bxf5 Qxf5 18. b5 Nb8
$14) 16... Ne7 17. Bb4 $14) 16. b5 Ne7 17. Ne5 Qd8 (17... Bxe5 18. dxe5 (18.
Rxe5 Bf5 {ist fast ausgeglichen.}) 18... Bf5 19. Bf1 $14) 18. Bb4 Nf5 $1 {
da das folgende Scheinopfer nichts einbringt, bewirkt der Druck gegen d4, daß
Weiß keinen großen Vorteil erzielen kann.} 19. Nxf7 Bxf7 (19... Kxf7 $2 20.
Rxe6 Rxe6 (20... Kxe6 $2 21. Bxf5+ Kf7 (21... Kxf5 22. Qg4#) 22. Qh5+ $18) 21.
Bxf5 Rb6 22. Bxh7 g6 23. Qg4 Bh4 24. g3 $18) 20. Bxf5 (20. Rxe8+ Qxe8 21. Bxf5
Qxb5 $11) 20... Rxe1+ 21. Qxe1 Bxd4 22. Rd1 Qf6 23. Qd2 Bb6 24. Bc2 Re8 25. a4
Qh4 26. Bd6 (26. a5 $2 Bxf2+ 27. Qxf2 Qxb4 28. Bxh7+ Kxh7 29. Qxf7 Re1+ 30.
Rxe1 Qxe1+ {ist sicher nicht im Sinne von Weiß.}) 26... Qc4 27. Qd3 Bg6 28.
Qxc4 dxc4 29. Bxg6 hxg6 30. Rc1 Re4 31. Kf1 c3 32. Rxc3 Rxa4 33. g4 Ra2 34. Bg3
Rb2 35. Rc8+ 1/2-1/2

[Event "FIDE-Wch k.o."]
[Site "Tripoli"]
[Date "2004.06.21"]
[Round "2.1"]
[White "Sulskis, Sarunas"]
[Black "Sakaev, Konstantin"]
[Result "0-1"]
[WhiteElo "2570"]
[BlackElo "2665"]
[Annotator "Petronijevic,Z"]
[PlyCount "118"]
[EventDate "2004.06.19"]
[EventType "k.o."]
[EventRounds "7"]
[EventCountry "LBY"]
[SourceTitle "CBM 102"]
[Source "ChessBase"]
[SourceDate "2004.09.23"]
[SourceVersion "1"]
[SourceVersionDate "2004.09.23"]
[SourceQuality "1"]

1. e4 c6 2. d4 d5 3. exd5 cxd5 4. c4 Nf6 5. Nc3 g6 6. cxd5 ({The alternative is
} 6. Qb3 {[%cal Yc4d5,Yb3b7]}) 6... Nxd5 7. Bc4 ({More frequently played is} 7.
Qb3 {for instance} Nb6 8. d5 Bg7 9. Be3 O-O 10. Rd1) 7... Nb6 8. Bb3 Bg7 9. Nf3
({White has other possibilities which (according to current theory) lead to an
equal play:} 9. Nge2 O-O 10. O-O Bf5) (9. Be3 Nc6 10. d5 Ne5 11. Nge2) 9... O-O
(9... Nc6 10. d5 (10. O-O) (10. Be3) (10. a4 Nxd4 11. Nxd4 Qxd4 12. Qxd4 Bxd4
13. a5) 10... Na5 11. O-O) 10. h3 {[%csl Yg4][%cal Yc8g4]} ({After} 10. O-O {
we transpose to D94:} Nc6 (10... Bg4 11. d5 N8d7 12. h3 Bxf3 13. Qxf3 Nc5 (
13... Nc8 14. Re1 Nd6))) 10... Nc6 11. Be3 {[%csl Yd4][%cal Ye3d4]} ({The move
} 11. d5 {gives White no advantage.} Na5 12. O-O Nxb3 13. Qxb3 Bf5 $11 {
0-1 Grinshpun,E-Postny,E/Israel 2003/EXT 2004 (29)}) 11... Na5 {[%cal Ya5b3]}
12. Bc2 Nac4 {[%csl Yc4]} 13. O-O $2 $146 ({This new move is not good. The move
} 13. Bc1 {was played until this novelty.} Be6 $11 (13... Bd7 $5 {0-1 Veal,
J-Donaldson,J/Stillwater 2002/CBM 90 ext (20)})) (13. Qe2 Nxe3 14. fxe3 e5 15.
dxe5 Qe7 16. O-O Bxe5 17. Nxe5 Qxe5 18. Bb3 Be6 $11 {1/2-1/2 Dzhumaev,
M-Stojanovski,D/Yerevan 2001/CBM 86 (18)}) 13... Nxb2 14. Qe2 (14. Qc1 N2c4)
14... Qc7 15. Rac1 $6 (15. Bb3 $142 Qxc3 16. Rac1 Qb4 17. Qxb2 Be6) 15... Qxc3
16. Bxg6 (16. Bb3 Qb4 17. Qxb2 {[%cal Rb3f7]} Be6 $17) 16... Qa3 17. Bb1 Nd5
$19 18. Bd2 e6 19. Ng5 h6 20. Nh7 Bd7 (20... Re8 21. Qg4 Qa4 22. Bxh6 Qxd4 23.
Be4 Re7 $19) 21. Nxf8 Qxf8 22. Be4 Bc6 {[%cal Rg7d4]} 23. Bxd5 Bxd5 24. Rc3 Rc8
25. Rg3 {[%csl Rh6][%cal Rd2h6]} Kh8 26. Bxh6 Bxh6 27. Qxb2 f5 $1 28. Qe2 (28.
Rc3 Rd8 {[%cal Yd8d4]}) 28... Qf7 29. Qe5+ Kh7 30. Re1 Rg8 (30... a6 $5 31. a3)
31. Re2 Rc8 32. Kh2 (32. Re1 a6) 32... f4 $1 33. Rg4 f3 34. Ree4 fxg2 35. Rxg2
Rf8 (35... Rc3 $19) (35... Bxe4 36. Qxe4+ Kh8 $19) 36. Kg1 Bxe4 37. Qxe4+ Qf5
38. Qxb7+ Rf7 39. Qb8 Rg7 40. Rxg7+ Bxg7 41. Qxa7 Qxh3 42. a4 Kg6 43. a5 Qg4+
44. Kf1 Qd1+ 45. Kg2 Qg4+ 46. Kf1 Bxd4 47. Qa8 Qd1+ 48. Kg2 Qg4+ 49. Kf1 Qf5
50. Qg8+ Kh5 51. Qg3 Qb5+ $1 52. Kg2 (52. Ke1 Qxa5+) 52... Qg5 {[%cal Rg5g3,
Rg3g2]} 53. Kf3 Qd5+ ({Also wins} 53... Qxg3+ 54. fxg3 {[%cal Yf3e4]} Ba7 $1 (
54... Kg5 $4 55. Ke4 e5 56. a6 Kf6 57. g4 Ke6 58. g5 Kd6 59. g6 Ke7 60. a7 $11)
55. Ke4 Bb8 56. g4+ Kg5 57. a6 Kf6 58. g5+ Kg6 $19 {The game move is more
precise.}) 54. Ke2 Qb5+ 55. Kf3 (55. Qd3 Qb2+ 56. Qd2 Qxd2+ 57. Kxd2 Bxf2 $19)
55... Qd3+ 56. Kg2 Qxg3+ 57. Kxg3 Kg5 58. a6 Kf5 59. Kf3 e5 0-1

[Event "FIDE-Wch k.o."]
[Site "Tripoli"]
[Date "2004.06.22"]
[Round "2.2"]
[White "Adams, Michael"]
[Black "Asrian, Karen"]
[Result "1-0"]
[WhiteElo "2731"]
[BlackElo "2605"]
[Annotator "Dautov,R"]
[PlyCount "91"]
[EventDate "2004.06.19"]
[EventType "k.o."]
[EventRounds "7"]
[EventCountry "LBY"]
[SourceTitle "CBM 102"]
[Source "ChessBase"]
[SourceDate "2004.09.23"]
[SourceVersion "1"]
[SourceVersionDate "2004.09.23"]
[SourceQuality "1"]

1. e4 c6 2. d4 d5 3. exd5 cxd5 4. c4 Nf6 5. Nc3 e6 6. Nf3 Bb4 7. cxd5 Nxd5 8.
Qc2 Nc6 9. Be2 {Adams' Lieblingssystem.} O-O 10. O-O Re8 {Eine gute
Alternative zum Textzug ist 10...Be7 nebst 11...Bf6.} (10... Be7) 11. Rd1 Bf8
12. Qe4 Bd7 (12... g6 13. Bc4 Nxc3 14. bxc3 Bd7 15. Bg5 Qa5 16. Rab1 Qc7 17.
Qh4 Ne7 18. Ne5 Nf5 19. Qh3 $14 {Howell,J-Kumaran,D/Hastings 1993}) 13. Bd3
$146 (13. Bg5 Be7 (13... Qa5 14. Bd3 g6 15. Qh4 $36) 14. Nxd5 (14. Bd2 f5 15.
Qc2 Bf6 16. Nxd5 exd5 $11) 14... exd5 15. Qxd5 Nb4 16. Qb3 Bxg5 17. Bc4 Be7 18.
Ne5 $1 $40 {Ulibin,M-Khenkin,I/Geneve 2002}) 13... f5 $6 {Dieser Zug scheint
mir sehr unvorsichtig zu sein, Asrian bekommt keine Kompensation für die
entstehenden Schwächen e6 und e5.} ({Vorzuziehen war m. E.} 13... g6 14. Bg5
$14) 14. Qe2 Bd6 (14... Qa5 15. Bc4 $14) 15. Bc4 Nxc3 16. bxc3 Na5 17. Bd3 Bc6
18. Rb1 (18. Ne5 Qc7 19. Bf4 $14) 18... Qc7 19. c4 $1 {[%mdl 512] Ein
typisches Bauernopfer.} Bxf3 (19... b6 20. Be3 Bxf3 21. Qxf3 Bxh2+ 22. Kh1 Bd6
23. c5 $44) 20. Qxf3 Nc6 $2 {Schwarz sollte den Bauern sofort kassieren.} (
20... Bxh2+ 21. Kh1 Bd6 22. c5 Bf8 23. Bf4 Qd7 24. Bb5 Nc6 25. Ba4 $44 ({
Der Vorstoß 25.d5 ist hier nicht so stark wie in der Partie.} 25. d5 exd5 26.
Rxd5 Qf7 $13) 25... Rac8) 21. Be3 Bxh2+ 22. Kf1 (22. Kh1 $5) 22... Bd6 23. c5
Bf8 24. d5 $1 $16 {Auf diese Weise gewinnt Adams den Bauern zurück.} exd5 (
24... Ne5 25. d6 Nxf3 26. dxc7 Ne5 27. Be2 $18) 25. Qxd5+ Kh8 26. Qxf5 g6 27.
Qh3 Qf7 28. Kg1 {Zwei starke Läufer, die Schwäche auf b7 und der anfällige
schwarze König - all diese Faktoren lassen keinen Zweifel am deutlichen
Vorteil von Weiß.} Rad8 29. Bc2 Bg7 (29... Rxd1+ 30. Rxd1 Rd8 31. Rxd8 Nxd8 32.
Qc8 $16) 30. Bb3 Qc7 31. Bd5 Qe5 $2 {Stellt einen Bauern ein und damit die
Partie ein.} (31... Rd7 $16) 32. Bf7 $18 Rxd1+ 33. Rxd1 Rd8 34. Rxd8+ Nxd8 35.
Bxg6 h6 36. Bxh6 Bxh6 37. Qxh6+ Kg8 38. Qh4 Kg7 39. Qh7+ Kf8 40. Qh4 Ne6 41.
Qh6+ Ke7 42. Qh7+ Kd8 43. Qxb7 Qe1+ 44. Kh2 Qxf2 45. Qb8+ Ke7 46. Qe8+ 1-0